000 00533nam a22001937a 4500
003 KOHA_MİRAKIL
005 20251114153125.0
008 251114b tu ||||| |||| 00| 0 tur d
020 _a9786052650806
040 _aTR-AnABB
_btur
_cTR-AnABB
041 _atur
082 _a364.10609747
_bTAL 2023
100 1 _aTalty, Stephan,
245 1 0 _aKara el /
_cStephan Talty
260 _aİstanbul :
_bİthaki Yayınları,
_c2023
300 _a319 sayfa ;
_c20 cm
650 0 4 _aAmerika edebiyatı, roman
942 _2ddc
_cBK
999 _c9402
_d9402
900 _bGizem YORULMAZ